| 000 | 00437nam a22001577a 4500 | ||
|---|---|---|---|
| 003 | macl | ||
| 005 | 20161223141937.0 | ||
| 008 | 161223b xxu||||| |||| 00| 0 eng d | ||
| 040 | _cmacl | ||
| 082 | _a920/CHA | ||
| 100 |
_aChakravarty Radha _98514 |
||
| 245 | _aShades of Difference sekected works of rabindranath tagore | ||
| 260 |
_aNew Delhi _bEsha Beteille Published _c2015 |
||
| 650 |
_aBiography _966358 |
||
| 942 |
_2ddc _cBK _k920/CHA |
||
| 999 |
_c55660 _d55660 |
||